Urban transportation and energy, the potential savings of different modes : hearing before the Subcommittee on Transportation of the Committee on Environment and Public Works, United States Senate, Ninety-fifth Congress, first session on the Congressional Budget Office report ... October 5, 1977.

Bibliographic Details
Corporate Authors: United States. Congress. Senate. Committee on Environment and Public Works. Subcommittee on Transportation, ProQuest (Firm), United States. Congressional Budget Office
Format: Government Document eBook
Language:English
Published: Washington : U.S. Govt. Print. Off, 1977.
Series:U.S. Congressional Hearings.
Subjects:
Online Access:Connect to the full text of this electronic book

MARC

Tag First Indicator Second Indicator Subfields
LEADER 00000cam a22000001a 4500
001 in00003205437
006 m d f
007 cr bn mmmapmmp
008 090922s1977 dcua ob f000 0 eng d
005 20260604202318.2
035 |a cis2007444282 
040 |a UMI  |c UMI  |d UtOrBLW 
043 |a n-us--- 
074 |a 1045 
086 0 |a Y 4.P 96/10:95-H 39 
099 |a HRG-1977-PWO-0003 
110 1 |a United States.  |b Congress.  |b Senate.  |b Committee on Environment and Public Works.  |b Subcommittee on Transportation. 
245 1 0 |a Urban transportation and energy, the potential savings of different modes :  |b hearing before the Subcommittee on Transportation of the Committee on Environment and Public Works, United States Senate, Ninety-fifth Congress, first session on the Congressional Budget Office report ... October 5, 1977. 
264 1 |a Washington :  |b U.S. Govt. Print. Off,  |c 1977. 
300 |a 1 online resource. 
336 |a text  |b txt  |2 rdacontent 
337 |a computer  |b c  |2 rdamedia 
338 |a online resource  |b cr  |2 rdacarrier 
490 0 |a Serial - Senate, Committee on Environment and Public Works ;  |v no. 95-H39 
504 |a Includes bibliographical references. 
538 |a System requirements: PDF reader software. 
500 |a Electronic resource. 
650 0 |a Urban transportation policy  |z United States. 
650 0 |a Energy policy  |z United States. 
655 7 |a Electronic books.  |2 local 
710 2 |a ProQuest (Firm) 
710 1 |a United States.  |b Congressional Budget Office. 
776 0 8 |i Print version:  |a United States. Congress. Senate. Committee on Environment and Public Works. Subcommittee on Transportation  |t Urban transportation and energy, the potential savings of different modes  |w (OCoLC)03692832  |w gp 78012163 
776 0 8 |i Microfiche version:  |a United States. Congress. Senate. Committee on Environment and Public Works. Subcommittee on Transportation  |t Urban transportation and energy, the potential savings of different modes.  |d [Bethesda, Md.] : ProQuest,[2004]  |o CIS 78 S321-12  |w (ProQuest)cis07802461 
830 0 |a U.S. Congressional Hearings. 
856 4 0 |u http://proxy.library.tamu.edu/login?url=https://congressional.proquest.com/congcomp/getdoc?HEARING-ID=HRG-1977-PWO-0003  |z Connect to the full text of this electronic book  |t 0 
998 |a cis07802461 
999 |a MARS 
999 f f |s 38941492-9bb9-323b-89de-9a6533f77ac1  |i b530a625-558f-3966-bd7c-cf165ba29e3b  |t 0 
952 f f |a Texas A&M University  |b College Station  |c Electronic Resources  |s www_evans  |d Available Online  |t 0  |e HRG-1977-PWO-0003  |h Other scheme 
998 f f |a HRG-1977-PWO-0003  |t 0  |l Available Online